Suomen saari-loppuiset kunnat - Statistics

Yleistilastot
  • Tätä visaa on pelattu 496 kertaa
  • Keskiarvotulos 4 / 5
Vastaustilastot
Maakunta Kunta % Oikein
Pohjanmaa Pietarsaari
81%
Pohjanmaa Mustasaari
80%
Keski-Suomi Viitasaari
80%
Varsinais-Suomi Kemiönsaari
76%
Etelä-Karjala Taipalsaari
75%
Ehtoja vastaavia visoja ei löytynyt
Tulosjakauma
Jokaisen tuloksen saaneiden osuus
Persentiili vastausten määrän mukaan
Tuloshistoriasi
Et ole pelannut tätä visaa